1267 1311 1579 1461 1457 1200 1500 1012 1445 1391 1565 1132 1518 1189 1741 1617 1394 1204 1209 1144 1152 1052 1541 1352 1158 1026 1447 1663 1691 1930 1624 1440 1475 1991 1309 1350 1479 1113 1468 1005 1208 1349 1189 1620 1864 1312 1095 1506 1395 1254 1632 1165 1007 1130 1744 1102 1166 1607 1463 1236 1777 1814 1299 1442 1817 1399 1300 1558 1843 1785 1824 1538 1338 1346 1372 1128 1130 1020 1262 1124 1158 1526 1087 1767 1772 1517 1438 1585 1200 1578 1513 1721 1648 1073 1203 1989 1721 1821 1598 BCNSPRNW ULIB Ver.6.0+V

เปลี่ยนเป็นภาษาไทย

Change to English
 แสดงรายละเอียดบรรณานุกรม
  กลับหน้าหลัก

Brief Record : Get Marc (ISO 2709) : E-mail record : QR code < ปิดหน้าต่าง
LEADER : 00000nam 2200000uu 4500
001    13399121608
003     ULIB
008    121126s2552||||th 000 0 tha d
020    ^a9789990010244
060 04 ^aWS420^bว582ว
245 00 ^aเวชศาสตร์ปริกำเนิดในเวชปฏิบัติ /^cบรรณาธิการ, วิทยา ถิฐาพันธ์, นิศารัตน์ พิทักษ์วัชระ, ประทักษ์ โอประเสริฐสวัสดิ์
250    ^aพิมพ์ครั้งที่ 2
260    ^aกรุงเทพฯ :^bสมาคมเวชศาสตร์ปริกำเนิดแห่งประเทศไทย,^c2552
300    ^aก-ฎ, 258 หน้า :^bภาพประกอบ ;^c30 ซม.
650  7 ^aกุมารเวชศาสตร์
650  7 ^aทารกแรกเกิด
650  7 ^aทารก, การดูแล
650  7 ^aสูติศาสตร์
650  7 ^aอนามัยแม่และเด็ก
653    ^aผลงานอาจารย์คณะแพทยศาสตร์ศิริราชพยาบาล
700 0  ^aวิทยา ถิฐาพันธ์,^eบรรณาธิการ
700 0  ^aนิศารัตน์ พิทักษ์วัชระ,^eบรรณาธิการ
700 0  ^aประทักษ์ โอประเสริฐสวัสดิ์,^eบรรณาธิการ
710 2  ^aสมาคมเวชศาสตร์ปริกำเนิดแห่งประเทศไทย
945    ^p450^l0^i16249
945    ^p450^l0^i16250
995    ^aวิภา
999 ^a ใช้งานได้ทุกระบบ
รายการนี้ยังไม่มีแท็ก
คุณยังไม่ได้ล็อกอิน คุณสามารถมีกิจกรรมร่วมกับเว็บไซต์ได้ แต่ต้องล็อกอินก่อน ::
  ล็อกอิน

รายการสื่อสารสนเทศ

ลำดับที่ ประเภท เลขเรียก/บาร์โค้ด สถานที่ สถานะ
- ไม่พบข้อมูล -

รายการใกล้เคียง
    หัวเรื่อง [กุมารเวชศาสตร์]
    หัวเรื่อง [ทารกแรกเกิด]
    หัวเรื่อง [ทารก, การดูแล]
    หัวเรื่อง [สูติศาสตร์]
    หัวเรื่อง [อนามัยแม่และเด็ก]

BibComment


ยังไม่เคยถูกคอมเมนท์

คอมเมนท์ทรัพยากรรายการนี้
  คอมเมนท์: เวชศาสตร์ปริกำเน..


 Copyright 2026. Bcnsprnw @Library